000 00412nam a2200157Ia 4500
005 20250403140016.0
008 231217s9999 xx 000 0 und d
020 _a9788131414514
082 _a361.584 GHO;1 R
100 _aGhosh, Subir ed.
245 0 _aOrganic farming : a global perspective
260 _c2008
_bICFAI
_aHyderabad
300 _aix, 208
650 _aOrganic,farming,global
942 _cAA
999 _c190905
_d190905